[Event "DVM U20w 2019"]
[Site "Braunschweig GER"]
[Date "2019.12.28"]
[Round "3"]
[White "Rempe, Janne"]
[Black "Kiesel, Lara"]
[Result "0-1"]
[Termination "normal"]
[Board "8.1"]
[WhiteElo "1559"]
[BlackElo "1732"]
[WhiteTeam "SK Doppelbauer Kiel"]
[BlackTeam "SK Lehrte"]
[WhiteFideId "16202392"]
[BlackFideId "12973785"]
[EventCountry "GER"]
[EventRounds "7"]
[EventType "team-swiss"]
[EventDate "2019.12.26"]

1. d4 Nf6 2. Nf3 d5 3. Bf4 c5 4. c3 Nc6
5. e3 Qb6 6. Qc2 Bf5 7. Qxf5 Qxb2 8. Be2 e6
9. Qd3 Qxa1 10. Qc2 cxd4 11. O-O Ne4 12. exd4 Rc8
13. Bd2 Be7 14. Qb3 Na5 15. Qb5+ Nc6 16. Qb3 Na5
17. Qa4+ Nc6 18. Qc2 O-O 19. Na3 Qxf1+ 20. Bxf1 Bxa3
21. Qb3 Bd6 22. Qxb7 Rc7 23. Qb1 Rb8 24. Qd3 Rb2
25. a4 h6 26. c4 Nxd2 27. Nxd2 Bf4 28. Nf3 dxc4
29. Qxc4 Rb4 30. Qa6 Nxd4 31. Ne1 Rb1 32. Qd3 Rxe1
33. Qxd4 Rcc1 34. Qd3 Rxf1+ 35. Qxf1 Rxf1+ 36. Kxf1 Kf8 0-1

[Event "DVM U20w 2019"]
[Site "Braunschweig GER"]
[Date "2019.12.28"]
[Round "3"]
[White "Margaryan, Venera"]
[Black "Rempe, Mieke"]
[Result "0-1"]
[Termination "normal"]
[Board "8.2"]
[WhiteElo "1383"]
[BlackElo "1619"]
[WhiteTeam "SK Lehrte"]
[BlackTeam "SK Doppelbauer Kiel"]
[WhiteFideId "16266226"]
[BlackFideId "16202384"]
[EventCountry "GER"]
[EventRounds "7"]
[EventType "team-swiss"]
[EventDate "2019.12.26"]

1. d4 Nf6 2. Nf3 e6 3. Bg5 d5 4. e3 Nbd7
5. Bd3 c5 6. c3 Bd6 7. Nbd2 O-O 8. e4 e5
9. dxc5 Nxc5 10. Qc2 d4 11. cxd4 exd4 12. O-O Re8
13. e5 Nxd3 14. exf6 gxf6 15. Nc4 Nb4 16. Bxf6 Qxf6
17. Qa4 Bg4 18. Nxd6 Qxd6 19. Qb5 Bxf3 20. Qg5+ Kh8
21. gxf3 Rg8 0-1

[Event "DVM U20w 2019"]
[Site "Braunschweig GER"]
[Date "2019.12.28"]
[Round "3"]
[White "Birner, Lucy Jasmin"]
[Black "Thiele, Lea-Marie"]
[Result "0-1"]
[Termination "normal"]
[Board "8.3"]
[WhiteElo "1611"]
[BlackElo "1061"]
[WhiteTeam "SK Doppelbauer Kiel"]
[BlackTeam "SK Lehrte"]
[WhiteFideId "16205910"]
[BlackFideId "16298616"]
[EventCountry "GER"]
[EventRounds "7"]
[EventType "team-swiss"]
[EventDate "2019.12.26"]

1. e4 e6 2. d4 d5 3. exd5 exd5 4. Nc3 Be6
5. Bd3 Bd6 6. Qf3 Ne7 7. Nge2 Nbc6 8. Be3 Qd7
9. h3 O-O-O 10. Bb5 Bf5 11. Nxd5 Nxd5 12. Qxd5 Be6
13. Qf3 Bd5 14. Qh5 Qe6 15. Rg1 Nb4 16. Kd2 Be4
17. c3 Nxa2 18. Qg4 Bf5 19. Qf3 Be4 20. Qg4 f5
21. Qh4 Qb3 22. Rgd1 Qxb2+ 23. Ke1 Qxb5 24. Rxa2 Bc5
25. Rad2 Bb6 26. f3 Bd5 27. Rc1 Rhe8 28. Bg5 Rd6
29. Qxh7 Bc4 30. Rcc2 Qb1+ 31. Kf2 Rde6 32. Qxf5 a5
33. Rc1 Qxf5 0-1

[Event "DVM U20w 2019"]
[Site "Braunschweig GER"]
[Date "2019.12.28"]
[Round "3"]
[White "Stelter, Finja"]
[Black "Malinowsky, Celina"]
[Result "0-1"]
[Termination "normal"]
[Board "8.4"]
[WhiteElo "1054"]
[BlackElo "1293"]
[WhiteTeam "SK Lehrte"]
[BlackTeam "SK Doppelbauer Kiel"]
[WhiteFideId "16298624"]
[BlackFideId "16266986"]
[EventCountry "GER"]
[EventRounds "7"]
[EventType "team-swiss"]
[EventDate "2019.12.26"]

1. e4 e5 2. Nf3 Nc6 3. Bc4 Bc5 4. d3 d6
5. h3 Nf6 6. Nc3 Be6 7. Bb3 h6 8. Be3 Bb6
9. Qd2 Nd4 10. Ba4+ c6 11. Nh2 Ba5 12. Qc1 b5
13. Bb3 O-O 14. g4 Nh7 15. Bd2 Qf6 16. Rg1 Ng5
17. Bxg5 hxg5 18. Kf1 Bb6 19. Nd1 a5 20. c3 Nxb3
21. axb3 Bxb3 22. Ne3 Qf4 23. Rg2 Bxe3 24. Qxe3 d5
25. exd5 Bxd5 26. Qxf4 Bxg2+ 27. Kxg2 gxf4 28. Nf3 f6
29. d4 e4 30. Nd2 Rfe8 31. b4 a4 32. Nf1 a3
33. Ra2 e3 34. fxe3 fxe3 35. Ng3 e2 36. Nxe2 Rxe2+
37. Rxe2 a2 38. Rxa2 Rxa2+ 39. Kf3 Rc2 40. Ke4 Rxc3
41. d5 cxd5+ 42. Kxd5 Kf7 43. Kd4 Rc8 44. Kd5 Ke7
45. h4 g6 46. Ke4 Rc4+ 47. Kf3 Rxb4 48. g5 fxg5
49. hxg5 Ke6 50. Ke3 Kd5 51. Kd3 Rb3+ 52. Kc2 Rh3
53. Kd2 Ke4 54. Ke2 Rh2+ 55. Kf1 Ke3 56. Kg1 Ra2
57. Kh1 Kf3 58. Kg1 b4 59. Kh1 Kg3 60. Kg1 Ra1# 0-1

[Event "DVM U20w 2019"]
[Site "Braunschweig GER"]
[Date "2019.12.28"]
[Round "4"]
[White "Müdder, Melanie"]
[Black "Köhler, Inken"]
[Result "1-0"]
[Termination "normal"]
[Board "1.1"]
[WhiteElo "1902"]
[BlackElo "1998"]
[WhiteClock "00:03:36"]
[BlackClock "00:02:57"]
[WhiteTeam "Schachgesellschaft Solingen e. V."]
[BlackTeam "TuRa Harksheide von 1945 Norderstedt e.V."]
[PlyCount "133"]
[WhiteFideId "12994103"]
[BlackFideId "12929301"]
[EventCountry "GER"]
[EventRounds "7"]
[EventType "team-swiss"]
[EventDate "2019.12.26"]

1. e4 {[%clk 1:30:58]} e6 {[%clk 1:30:55]} 2. d4 {[%clk 1:31:17]} d5 {[%clk
1:31:18]} 3. Bd3 {[%clk 1:31:39]} Nf6 {[%clk 1:29:40]} 4. e5 {[%clk 1:31:27]}
Nfd7 {[%clk 1:30:03]} 5. Nf3 {[%clk 1:31:17]} Be7 {[%clk 1:29:35]} 6. O-O
{[%clk 1:31:03]} O-O {[%clk 1:28:34]} 7. c3 {[%clk 1:29:49]} f6 {[%clk
1:26:24]} 8. exf6 {[%clk 1:29:19]} Nxf6 {[%clk 1:24:29]} 9. Re1 {[%clk
1:28:59]} c5 {[%clk 1:19:35]} 10. Bc2 {[%clk 1:22:09]} Nc6 {[%clk 1:16:37]} 11.
a3 {[%clk 1:20:54]} Qc7 {[%clk 1:12:06]} 12. h3 {[%clk 1:17:06]} Bd6 {[%clk
1:07:33]} 13. Bg5 {[%clk 1:13:46]} Kh8 {[%clk 1:02:12]} 14. Qd3 {[%clk
0:58:21]} c4 {[%clk 0:50:35]} 15. Qe2 {[%clk 0:55:08]} Bd7 {[%clk 0:43:44]} 16.
Nbd2 {[%clk 0:42:14]} Rae8 {[%clk 0:37:56]} 17. Ne5 {[%clk 0:35:28]} Re7 {[%clk
0:33:14]} 18. f4 {[%clk 0:27:01]} Be8 {[%clk 0:31:00]} 19. Rf1 {[%clk 0:21:33]}
Qb6 {[%clk 0:23:40]} 20. Rab1 {[%clk 0:20:45]} Qc7 {[%clk 0:19:39]} 21. Qe1
{[%clk 0:15:54]} Kg8 {[%clk 0:11:46]} 22. Kh1 {[%clk 0:08:44]} b5 {[%clk
0:10:40]} 23. Bh4 {[%clk 0:03:58]} Ref7 {[%clk 0:06:15]} 24. Nxf7 {[%clk
0:02:53]} Qxf7 {[%clk 0:06:35]} 25. Nf3 {[%clk 0:01:51]} Bxf4 {[%clk 0:04:12]}
26. Ne5 {[%clk 0:01:47]} Nxe5 {[%clk 0:03:07]} 27. dxe5 {[%clk 0:02:08]} Nh5
{[%clk 0:01:49]} 28. g3 {[%clk 0:01:05]} g5 {[%clk 0:02:00]} 29. gxf4 {[%clk
0:00:50]} gxh4 {[%clk 0:02:25]} 30. Qxh4 {[%clk 0:00:48]} Kh8 {[%clk 0:02:38]}
31. f5 {[%clk 0:00:48]} Qg7 {[%clk 0:01:20]} 32. f6 {[%clk 0:00:44]} Qc7 {[%clk
0:01:04]} 33. Rbe1 {[%clk 0:00:37]} Rg8 {[%clk 0:01:08]} 34. Rf3 {[%clk
0:00:41]} Qb7 {[%clk 0:00:44]} 35. Kh2 {[%clk 0:00:33]} Qc7 {[%clk 0:00:38]}
36. Re2 {[%clk 0:00:33]} Qc5 {[%clk 0:00:36]} 37. Qd4 {[%clk 0:00:15]} Qc7
{[%clk 0:00:36]} 38. Rg2 {[%clk 0:00:41]} Rxg2+ {[%clk 0:00:51]} 39. Kxg2
{[%clk 0:01:05]} Qf7 {[%clk 0:00:48]} 40. Qg4 {[%clk 0:00:51]} Bc6 {[%clk
0:00:38]} 41. Qd4 {[%clk 0:25:47]} Be8 {[%clk 0:25:24]} 42. Kh2 {[%clk
0:22:39]} Qc7 {[%clk 0:24:44]} 43. Rf2 {[%clk 0:19:54]} Bf7 {[%clk 0:23:37]}
44. Bd1 {[%clk 0:19:11]} Be8 {[%clk 0:18:20]} 45. Qe3 {[%clk 0:15:22]} Bg6
{[%clk 0:17:03]} 46. Kg1 {[%clk 0:13:56]} Qf7 {[%clk 0:15:49]} 47. Qc5 {[%clk
0:10:17]} Ng3 {[%clk 0:10:49]} 48. Qc8+ {[%clk 0:07:00]} Qg8 {[%clk 0:11:03]}
49. Qc7 {[%clk 0:07:09]} Nf5 {[%clk 0:09:30]} 50. Bg4 {[%clk 0:05:52]} Bf7
{[%clk 0:05:10]} 51. Kh2 {[%clk 0:04:48]} Ne3 {[%clk 0:04:22]} 52. Qxa7 {[%clk
0:03:20]} Nxg4+ {[%clk 0:03:13]} 53. hxg4 {[%clk 0:03:42]} Qxg4 {[%clk
0:02:20]} 54. Qe3 {[%clk 0:03:55]} Qh5+ {[%clk 0:03:08]} 55. Kg1 {[%clk
0:03:51]} Qd1+ {[%clk 0:02:52]} 56. Kg2 {[%clk 0:04:00]} Qg4+ {[%clk 0:02:52]}
57. Qg3 {[%clk 0:03:57]} Qe4+ {[%clk 0:01:42]} 58. Kh2 {[%clk 0:04:10]} Qg6
{[%clk 0:01:52]} 59. Qxg6 {[%clk 0:04:14]} hxg6 {[%clk 0:02:21]} 60. Kg3 {[%clk
0:04:22]} Kg8 {[%clk 0:02:21]} 61. Kg4 {[%clk 0:04:35]} Be8 {[%clk 0:02:02]}
62. Rh2 {[%clk 0:04:36]} Bf7 {[%clk 0:01:57]} 63. Kg5 {[%clk 0:04:43]} Be8
{[%clk 0:02:06]} 64. Rh6 {[%clk 0:03:50]} Bf7 {[%clk 0:02:10]} 65. Rxg6+ {[%clk
0:02:54]} Bxg6 {[%clk 0:02:34]} 66. Kxg6 {[%clk 0:03:21]} Kf8 {[%clk 0:02:57]}
67. f7 {[%clk 0:03:36]} 1-0

[Event "DVM U20w 2019"]
[Site "Braunschweig GER"]
[Date "2019.12.28"]
[Round "4"]
[White "Schnabel, Luise"]
[Black "Bashylina, Luisa"]
[Result "1/2-1/2"]
[Termination "normal"]
[Board "1.2"]
[BlackTitle "WCM"]
[WhiteElo "1836"]
[BlackElo "1935"]
[WhiteTeam "TuRa Harksheide von 1945 Norderstedt e.V."]
[BlackTeam "Schachgesellschaft Solingen e. V."]
[PlyCount "119"]
[WhiteFideId "12943347"]
[BlackFideId "12983292"]
[EventCountry "GER"]
[EventRounds "7"]
[EventType "team-swiss"]
[EventDate "2019.12.26"]

1. e4 c5 2. Nc3 Nc6 3. g3 e6 4. Bg2 g6 5. d3 Bg7 6. f4 d6 7. Nf3 Nge7 8. O-O
O-O 9. Be3 Nd4 10. e5 Nef5 11. Bf2 Nxf3+ 12. Qxf3 Nd4 13. Qd1 dxe5 14. fxe5 Bd7
15. Ne4 Ba4 16. b3 Bc6 17. c3 Nb5 18. Bxc5 Bxe4 19. Bxe4 Bxe5 20. Qf3 Bxc3 21.
Bxf8 Qb6+ 22. Kg2 Rxf8 23. Rac1 f5 24. Qf4 Qa5 25. Rc2 Nd4 26. Rcf2 Be1 27.
Bxb7 Bxf2 28. Rxf2 e5 29. Qc1 Qb5 30. Qc4+ Qxc4 31. bxc4 Rb8 32. Bd5+ Kg7 33.
Rd2 Kf6 34. a4 Rb4 35. a5 Ra4 36. Rb2 Rxa5 37. Rb7 h5 38. h4 Ne6 39. Rd7 Ra2+
40. Kf1 Ra6 41. c5 e4 42. c6 Ke5 43. d4+ Nxd4 44. c7 Ra1+ 45. Kf2 Rc1 46. Bb7
Rc2+ 47. Ke1 Rc1+ 48. Kd2 Rc2+ 49. Kd1 e3 50. Rd5+ Kf6 51. Rxd4 Rxc7 52. Bf3
Re7 53. Ke2 a5 54. Rd6+ Kg7 55. Rd5 Ra7 56. Kxe3 a4 57. Rd1 a3 58. Ra1 Kf6 59.
Bd5 g5 60. hxg5+ 1/2-1/2

[Event "DVM U20w 2019"]
[Site "Braunschweig GER"]
[Date "2019.12.28"]
[Round "4"]
[White "Giede, Anna-Blume"]
[Black "Sereda, Yaroslava"]
[Result "0-1"]
[Termination "normal"]
[Board "1.4"]
[WhiteElo "1582"]
[BlackElo "1726"]
[WhiteClock "00:17:50"]
[BlackClock "00:12:20"]
[WhiteTeam "TuRa Harksheide von 1945 Norderstedt e.V."]
[BlackTeam "Schachgesellschaft Solingen e. V."]
[PlyCount "86"]
[WhiteFideId "12921980"]
[BlackFideId "14178940"]
[EventCountry "GER"]
[EventRounds "7"]
[EventType "team-swiss"]
[EventDate "2019.12.26"]

1. e4 {[%clk 1:30:58]} c5 {[%clk 1:30:52]} 2. Nc3 {[%clk 1:31:22]} Nc6 {[%clk
1:31:02]} 3. g3 {[%clk 1:31:41]} g6 {[%clk 1:31:15]} 4. Bg2 {[%clk 1:32:05]}
Bg7 {[%clk 1:31:32]} 5. d3 {[%clk 1:32:20]} e6 {[%clk 1:31:44]} 6. f4 {[%clk
1:32:25]} d6 {[%clk 1:32:00]} 7. Nf3 {[%clk 1:32:32]} Nge7 {[%clk 1:32:05]} 8.
O-O {[%clk 1:32:38]} O-O {[%clk 1:31:44]} 9. Be3 {[%clk 1:32:49]} Nd4 {[%clk
1:29:33]} 10. e5 {[%clk 1:19:01]} Nef5 {[%clk 1:05:27]} 11. Bf2 {[%clk
1:18:45]} Nxf3+ {[%clk 1:01:32]} 12. Bxf3 {[%clk 1:13:56]} Nd4 {[%clk 0:59:46]}
13. Bg2 {[%clk 1:11:37]} dxe5 {[%clk 0:49:40]} 14. fxe5 {[%clk 1:11:41]} Bxe5
{[%clk 0:44:11]} 15. Ne4 {[%clk 1:07:07]} Nf5 {[%clk 0:40:48]} 16. c3 {[%clk
0:42:42]} c4 {[%clk 0:36:19]} 17. dxc4 {[%clk 0:34:36]} Qc7 {[%clk 0:34:00]}
18. Qe2 {[%clk 0:29:07]} Bd7 {[%clk 0:31:30]} 19. Nc5 {[%clk 0:20:49]} Bg7
{[%clk 0:26:26]} 20. Bxb7 {[%clk 0:17:04]} Rad8 {[%clk 0:22:55]} 21. Rad1
{[%clk 0:12:52]} Nd6 {[%clk 0:19:18]} 22. Bg2 {[%clk 0:10:52]} Bc6 {[%clk
0:17:01]} 23. Bxc6 {[%clk 0:07:08]} Qxc6 {[%clk 0:17:26]} 24. Qg4 {[%clk
0:03:02]} Nb7 {[%clk 0:13:18]} 25. Nxb7 {[%clk 0:02:36]} Qxb7 {[%clk 0:13:43]}
26. Bc5 {[%clk 0:02:14]} Rfe8 {[%clk 0:13:41]} 27. Rxd8 {[%clk 0:02:14]} Rxd8
{[%clk 0:13:57]} 28. Qf3 {[%clk 0:02:12]} Qc7 {[%clk 0:13:24]} 29. Qf2 {[%clk
0:01:11]} Rd7 {[%clk 0:12:08]} 30. Qe3 {[%clk 0:01:15]} Qb7 {[%clk 0:09:59]}
31. b3 {[%clk 0:00:49]} Qa6 {[%clk 0:09:42]} 32. Rf2 {[%clk 0:00:45]} Rd1+
{[%clk 0:07:35]} 33. Kg2 {[%clk 0:01:11]} Rd7 {[%clk 0:07:13]} 34. Qf3 {[%clk
0:00:55]} Qc8 {[%clk 0:06:14]} 35. Qe3 {[%clk 0:01:04]} Qc6+ {[%clk 0:06:05]}
36. Rf3 {[%clk 0:00:44]} Qa6 {[%clk 0:05:15]} 37. Rf2 {[%clk 0:00:57]} Qc6+
{[%clk 0:04:46]} 38. Rf3 {[%clk 0:00:44]} a6 {[%clk 0:04:31]} 39. Bd4 {[%clk
0:00:36]} e5 {[%clk 0:03:00]} 40. Bc5 {[%clk 0:00:39]} e4 {[%clk 0:01:51]} 41.
Rf1 {[%clk 0:27:12]} Bxc3 {[%clk 0:15:10]} 42. Kg1 {[%clk 0:18:19]} Rd3 {[%clk
0:12:20]} 43. Qf2 {[%clk 0:17:50]} Rf3 {[%clk 0:12:20]} 0-1

[Event "DVM U20w 2019"]
[Site "Braunschweig GER"]
[Date "2019.12.28"]
[Round "4"]
[White "Miljkovic, Jovana"]
[Black "Möller, Lisa-Marie"]
[Result "1-0"]
[Termination "normal"]
[Board "2.1"]
[WhiteTitle "WFM"]
[WhiteElo "2021"]
[BlackElo "1934"]
[WhiteClock "00:59:11"]
[BlackClock "00:47:02"]
[WhiteTeam "SV Lingen"]
[BlackTeam "Düsseldorfer Schachklub 14/25 e. V."]
[PlyCount "45"]
[WhiteFideId "958336"]
[BlackFideId "12959367"]
[EventCountry "GER"]
[EventRounds "7"]
[EventType "team-swiss"]
[EventDate "2019.12.26"]

1. Nf3 {[%clk 1:30:58]} c5 {[%clk 1:30:55]} 2. c4 {[%clk 1:31:26]} Nc6 {[%clk
1:31:20]} 3. e3 {[%clk 1:31:53]} Nf6 {[%clk 1:31:44]} 4. Nc3 {[%clk 1:32:18]}
e6 {[%clk 1:30:56]} 5. d4 {[%clk 1:32:16]} cxd4 {[%clk 1:31:20]} 6. exd4 {[%clk
1:32:08]} d5 {[%clk 1:31:37]} 7. a3 {[%clk 1:31:41]} Be7 {[%clk 1:31:16]} 8.
Be2 {[%clk 1:30:11]} O-O {[%clk 1:29:51]} 9. O-O {[%clk 1:30:38]} a6 {[%clk
1:25:41]} 10. Re1 {[%clk 1:26:47]} dxc4 {[%clk 1:22:09]} 11. Bxc4 {[%clk
1:27:13]} b5 {[%clk 1:21:00]} 12. Ba2 {[%clk 1:27:36]} Nd5 {[%clk 1:20:58]} 13.
Nxd5 {[%clk 1:24:31]} exd5 {[%clk 1:21:14]} 14. Ne5 {[%clk 1:18:47]} Bb7 {[%clk
1:14:39]} 15. Bf4 {[%clk 1:15:21]} f6 {[%clk 1:05:37]} 16. Nxc6 {[%clk
1:12:18]} Bxc6 {[%clk 1:03:50]} 17. Rc1 {[%clk 1:06:42]} Rc8 {[%clk 0:58:40]}
18. Qe2 {[%clk 1:06:48]} Rf7 {[%clk 0:53:25]} 19. Qe6 {[%clk 1:05:59]} Bb7
{[%clk 0:49:03]} 20. Rxc8 {[%clk 1:04:52]} Bxc8 {[%clk 0:48:29]} 21. Qxd5
{[%clk 1:04:33]} Qf8 {[%clk 0:48:12]} 22. Rc1 {[%clk 0:59:07]} Bg4 {[%clk
0:47:02]} 23. f3 {[%clk 0:59:11]} 1-0

[Event "DVM U20w 2019"]
[Site "Braunschweig GER"]
[Date "2019.12.28"]
[Round "4"]
[White "Rudolph, Eva"]
[Black "Mönster, Madita"]
[Result "1-0"]
[Termination "normal"]
[Board "2.2"]
[WhiteElo "1711"]
[BlackElo "1956"]
[WhiteClock "00:03:03"]
[BlackClock "00:05:59"]
[WhiteTeam "Düsseldorfer Schachklub 14/25 e. V."]
[BlackTeam "SV Lingen"]
[PlyCount "157"]
[WhiteFideId "16200594"]
[BlackFideId "12947156"]
[EventCountry "GER"]
[EventRounds "7"]
[EventType "team-swiss"]
[EventDate "2019.12.26"]

1. e4 {[%clk 1:30:58]} c5 {[%clk 1:30:54]} 2. Nc3 {[%clk 1:31:20]} a6 {[%clk
1:31:11]} 3. f4 {[%clk 1:30:37]} b5 {[%clk 1:31:28]} 4. Nf3 {[%clk 1:29:58]}
Bb7 {[%clk 1:31:35]} 5. d3 {[%clk 1:29:40]} Nf6 {[%clk 1:30:14]} 6. a3 {[%clk
1:27:44]} e6 {[%clk 1:29:24]} 7. Be2 {[%clk 1:26:21]} Be7 {[%clk 1:26:56]} 8.
O-O {[%clk 1:25:57]} d5 {[%clk 1:22:16]} 9. e5 {[%clk 1:23:05]} Nfd7 {[%clk
1:20:00]} 10. d4 {[%clk 1:21:50]} O-O {[%clk 1:17:13]} 11. Kh1 {[%clk 1:20:34]}
Nc6 {[%clk 1:14:33]} 12. Be3 {[%clk 1:16:51]} Na5 {[%clk 1:06:31]} 13. Nd2
{[%clk 1:06:35]} Qc7 {[%clk 1:00:54]} 14. Rf3 {[%clk 0:59:13]} f6 {[%clk
0:56:22]} 15. Rh3 {[%clk 0:54:22]} cxd4 {[%clk 0:41:43]} 16. Bxd4 {[%clk
0:53:57]} fxe5 {[%clk 0:39:59]} 17. Bd3 {[%clk 0:44:45]} Bf6 {[%clk 0:26:39]}
18. Bxh7+ {[%clk 0:29:40]} Kf7 {[%clk 0:26:50]} 19. Qh5+ {[%clk 0:29:36]} Ke7
{[%clk 0:26:45]} 20. fxe5 {[%clk 0:28:47]} Bxe5 {[%clk 0:21:03]} 21. Nf3 {[%clk
0:16:12]} Bxd4 {[%clk 0:17:43]} 22. Nxd4 {[%clk 0:14:48]} Qf4 {[%clk 0:16:55]}
23. Nce2 {[%clk 0:12:28]} Qe5 {[%clk 0:10:38]} 24. Qh4+ {[%clk 0:11:19]} Qf6
{[%clk 0:09:23]} 25. Re1 {[%clk 0:05:34]} Nc6 {[%clk 0:07:55]} 26. Nxc6+ {[%clk
0:04:38]} Bxc6 {[%clk 0:08:13]} 27. Nf4 {[%clk 0:03:43]} Kd6 {[%clk 0:07:29]}
28. Qxf6 {[%clk 0:01:52]} Rxf6 {[%clk 0:07:11]} 29. Nd3 {[%clk 0:01:50]} Raf8
{[%clk 0:06:53]} 30. Kg1 {[%clk 0:01:47]} Rh8 {[%clk 0:06:03]} 31. Bf5 {[%clk
0:01:34]} Rxh3 {[%clk 0:06:26]} 32. Bxh3 {[%clk 0:02:00]} d4 {[%clk 0:05:14]}
33. Nb4 {[%clk 0:01:28]} Nc5 {[%clk 0:03:25]} 34. Nxc6 {[%clk 0:01:35]} Kxc6
{[%clk 0:03:49]} 35. b4 {[%clk 0:01:41]} Na4 {[%clk 0:03:29]} 36. Rxe6+ {[%clk
0:01:15]} Rxe6 {[%clk 0:03:37]} 37. Bxe6 {[%clk 0:01:43]} Nc3 {[%clk 0:03:44]}
38. h4 {[%clk 0:01:37]} Nb1 {[%clk 0:03:01]} 39. g4 {[%clk 0:01:11]} Nxa3
{[%clk 0:02:27]} 40. Bb3 {[%clk 0:01:03]} Kd6 {[%clk 0:01:59]} 41. Kf2 {[%clk
0:00:40]} Ke5 {[%clk 0:01:31]} 42. Kg3 {[%clk 0:28:07]} Nc4 {[%clk 0:27:33]}
43. h5 {[%clk 0:25:34]} Nd2 {[%clk 0:22:46]} 44. g5 {[%clk 0:10:41]} Kf5 {[%clk
0:11:39]} 45. h6 {[%clk 0:10:08]} gxh6 {[%clk 0:11:44]} 46. gxh6 {[%clk
0:10:35]} Kg6 {[%clk 0:11:39]} 47. Kf4 {[%clk 0:08:49]} Kxh6 {[%clk 0:08:17]}
48. Be6 {[%clk 0:08:40]} Kg6 {[%clk 0:06:53]} 49. Bc8 {[%clk 0:07:56]} Nc4
{[%clk 0:06:34]} 50. Bxa6 {[%clk 0:07:36]} Na3 {[%clk 0:06:23]} 51. Bc8 {[%clk
0:04:56]} Kf6 {[%clk 0:03:41]} 52. Bf5 {[%clk 0:04:39]} Nc4 {[%clk 0:03:23]}
53. Bd3 {[%clk 0:04:28]} Nd6 {[%clk 0:03:00]} 54. Bh7 {[%clk 0:03:38]} Ke6
{[%clk 0:02:45]} 55. Bg8+ {[%clk 0:03:47]} Kf6 {[%clk 0:02:16]} 56. Bd5 {[%clk
0:03:41]} Nc4 {[%clk 0:01:23]} 57. Bxc4 {[%clk 0:01:38]} bxc4 {[%clk 0:01:41]}
58. Ke4 {[%clk 0:01:56]} d3 {[%clk 0:01:53]} 59. cxd3 {[%clk 0:02:09]} c3
{[%clk 0:01:33]} 60. Ke3 {[%clk 0:02:18]} Ke5 {[%clk 0:01:56]} 61. d4+ {[%clk
0:02:21]} Kd5 {[%clk 0:02:21]} 62. Kd3 {[%clk 0:02:36]} c2 {[%clk 0:02:42]} 63.
Kxc2 {[%clk 0:02:59]} Kxd4 {[%clk 0:03:08]} 64. Kb3 {[%clk 0:03:11]} Kd5 {[%clk
0:03:28]} 65. Ka4 {[%clk 0:03:18]} Kc6 {[%clk 0:03:52]} 66. Ka5 {[%clk
0:03:37]} Kb7 {[%clk 0:04:13]} 67. Kb5 {[%clk 0:04:00]} Ka7 {[%clk 0:04:33]}
68. Kc6 {[%clk 0:04:19]} Ka6 {[%clk 0:04:28]} 69. Kc5 {[%clk 0:02:53]} Ka7
{[%clk 0:02:49]} 70. Kb5 {[%clk 0:01:46]} Kb7 {[%clk 0:03:09]} 71. Kc5 {[%clk
0:01:48]} Ka7 {[%clk 0:03:16]} 72. Kc6 {[%clk 0:01:40]} Ka6 {[%clk 0:03:27]}
73. b5+ {[%clk 0:01:53]} Ka7 {[%clk 0:03:52]} 74. Kc7 {[%clk 0:01:52]} Ka8
{[%clk 0:04:17]} 75. Kb6 {[%clk 0:01:44]} Kb8 {[%clk 0:04:43]} 76. Ka6 {[%clk
0:01:52]} Ka8 {[%clk 0:05:06]} 77. b6 {[%clk 0:02:11]} Kb8 {[%clk 0:05:32]} 78.
b7 {[%clk 0:02:37]} Kc7 {[%clk 0:05:59]} 79. Ka7 {[%clk 0:03:03]} 1-0

[Event "DVM U20w 2019"]
[Site "Braunschweig GER"]
[Date "2019.12.28"]
[Round "4"]
[White "Möller, Hannah"]
[Black "Sokolowski, Judith"]
[Result "1-0"]
[Termination "normal"]
[Board "2.3"]
[WhiteElo "1832"]
[BlackElo "1722"]
[WhiteClock "01:01:53"]
[BlackClock "00:12:48"]
[WhiteTeam "SV Lingen"]
[BlackTeam "Düsseldorfer Schachklub 14/25 e. V."]
[PlyCount "59"]
[WhiteFideId "1270514"]
[BlackFideId "16200624"]
[EventCountry "GER"]
[EventRounds "7"]
[EventType "team-swiss"]
[EventDate "2019.12.26"]

1. Nf3 {[%clk 1:30:58]} d5 {[%clk 1:30:47]} 2. g3 {[%clk 1:31:25]} Nf6 {[%clk
1:31:06]} 3. Bg2 {[%clk 1:31:52]} e6 {[%clk 1:31:15]} 4. O-O {[%clk 1:32:12]}
Be7 {[%clk 1:31:10]} 5. d4 {[%clk 1:32:27]} O-O {[%clk 1:30:51]} 6. c4 {[%clk
1:32:53]} Nbd7 {[%clk 1:30:22]} 7. Nc3 {[%clk 1:27:50]} c6 {[%clk 1:28:24]} 8.
cxd5 {[%clk 1:26:57]} exd5 {[%clk 1:27:05]} 9. a3 {[%clk 1:27:05]} Re8 {[%clk
1:23:56]} 10. b4 {[%clk 1:26:54]} a6 {[%clk 1:19:01]} 11. Bb2 {[%clk 1:21:54]}
b5 {[%clk 1:11:56]} 12. Ne5 {[%clk 1:21:15]} Bb7 {[%clk 0:59:56]} 13. e4 {[%clk
1:19:09]} dxe4 {[%clk 0:54:37]} 14. Nxe4 {[%clk 1:19:31]} Nd5 {[%clk 0:49:33]}
15. Nc5 {[%clk 1:17:20]} Bxc5 {[%clk 0:45:50]} 16. bxc5 {[%clk 1:13:41]} Nf8
{[%clk 0:43:08]} 17. Qb3 {[%clk 1:10:23]} f6 {[%clk 0:38:19]} 18. Nd3 {[%clk
1:10:42]} Ne6 {[%clk 0:31:55]} 19. Nb4 {[%clk 1:06:19]} Nxb4 {[%clk 0:31:42]}
20. axb4 {[%clk 1:06:41]} Kh8 {[%clk 0:31:18]} 21. Rfe1 {[%clk 1:04:22]} Ng5
{[%clk 0:25:16]} 22. h4 {[%clk 1:03:19]} Qd7 {[%clk 0:20:32]} 23. hxg5 {[%clk
1:02:56]} fxg5 {[%clk 0:20:53]} 24. Re3 {[%clk 1:02:05]} Rxe3 {[%clk 0:19:04]}
25. Qxe3 {[%clk 1:02:14]} h6 {[%clk 0:18:48]} 26. Re1 {[%clk 1:01:49]} a5
{[%clk 0:18:45]} 27. bxa5 {[%clk 1:02:10]} Qc7 {[%clk 0:15:44]} 28. Bc3 {[%clk
1:02:13]} Qf7 {[%clk 0:13:01]} 29. Qe6 {[%clk 1:01:51]} Qc7 {[%clk 0:12:48]}
30. Qe7 {[%clk 1:01:53]} 1-0